|
|
|
|
| LEADER |
03469nam a22003977a 4500 |
| 001 |
44743 |
| 003 |
BD-DhAAL |
| 005 |
20251207110704.0 |
| 008 |
250909t1992 nyua b 001 0 eng |
| 010 |
|
|
|a 91004751
|
| 020 |
|
|
|a 0471529745 (hardcover)
|
| 020 |
|
|
|a 9780471529743 (hardcover)
|
| 035 |
|
|
|a 2485640
|
| 040 |
|
|
|a DLC
|c DLC
|d DLC
|d BD-DhAAL
|
| 050 |
0 |
0 |
|a Q327
|b .S27 1992
|
| 082 |
1 |
4 |
|a 006.4
|2 20
|
| 100 |
1 |
|
|a Schalkoff, Robert J.,
|e author.
|9 59277
|
| 245 |
1 |
0 |
|a Pattern recognition :
|b statistical, structural, and neural approaches /
|c Robert J. Schalkoff.
|
| 260 |
|
|
|a New York :
|b John Wiley,
|c c1992.
|
| 300 |
|
|
|a xix, 364 pages :
|b illustrations ;
|c 25 cm
|
| 504 |
|
|
|a Includes bibliographical references (pages 344-359) and index.
|
| 526 |
8 |
|
|a CSE
|x Annajiat Alim Rasel
Senior Lecturer
Department of Computer Science & Engineering
BRAC University
Course Name and No.: Advanced Syntactic Pattern Recognition (CSE713)
|
| 541 |
1 |
|
|a Trim Education
|e 44743, 45085, 45086, 45087, 45161
|
| 650 |
|
0 |
|a Pattern perception
|x Statistical methods.
|9 59278
|
| 650 |
|
0 |
|a Machine learning.
|
| 650 |
|
0 |
|a Optical data processing.
|9 59567
|
| 650 |
|
0 |
|a Computer science.
|
| 852 |
1 |
|
|a Ayesha Abed Library
|c General Stacks
|
| 942 |
|
|
|2 ddc
|c BK
|
| 999 |
|
|
|c 47426
|d 47426
|
| 952 |
|
|
|0 0
|1 0
|2 ddc
|4 0
|6 006_400000000000000_SCH
|7 0
|9 78064
|a BRACUL
|b BRACUL
|c NEW
|d 2025-09-02
|e Trim Education
|g 34000.00
|l 0
|o 006.4 SCH
|p 3010044743
|r 2025-09-02
|t 1
|v 68000.00
|w 2025-09-02
|y BK
|x Requisitioned by Annajiat Alim Rasel (Senior Lecturer, Department of Computer Science and Engineering) for the course named- 'Advanced Syntactic Pattern Recognition (CSE713)'.
|
| 952 |
|
|
|0 0
|1 0
|2 ddc
|4 0
|6 006_400000000000000_SCH
|7 0
|9 78499
|a BRACUL
|b BRACUL
|c GEN
|d 2025-11-04
|e Trim Education
|g 34000.00
|l 0
|o 006.4 SCH
|p 3010045086
|r 2025-11-04
|t 3
|v 68000.00
|w 2025-11-04
|y BK
|x Requisitioned by Annajiat Alim Rasel (Senior Lecturer, Department of Computer Science and Engineering) for the course named- 'Advanced Syntactic Pattern Recognition (CSE713)'.
|
| 952 |
|
|
|0 0
|1 0
|2 ddc
|4 0
|6 006_400000000000000_SCH
|7 0
|9 78500
|a BRACUL
|b BRACUL
|c GEN
|d 2025-11-04
|e Trim Education
|g 34000.00
|l 0
|o 006.4 SCH
|p 3010045087
|r 2025-11-04
|t 4
|v 68000.00
|w 2025-11-04
|y BK
|x Requisitioned by Annajiat Alim Rasel (Senior Lecturer, Department of Computer Science and Engineering) for the course named- 'Advanced Syntactic Pattern Recognition (CSE713)'.
|
| 952 |
|
|
|0 0
|1 0
|2 ddc
|4 0
|6 006_400000000000000_SCH
|7 0
|9 78501
|a BRACUL
|b BRACUL
|c GEN
|d 2025-11-04
|e Trim Education
|g 34000.00
|l 0
|o 006.4 SCH
|p 3010045085
|r 2025-11-04
|t 2
|v 68000.00
|w 2025-11-04
|y BK
|x Requisitioned by Annajiat Alim Rasel (Senior Lecturer, Department of Computer Science and Engineering) for the course named- 'Advanced Syntactic Pattern Recognition (CSE713)'.
|
| 952 |
|
|
|0 0
|1 0
|2 ddc
|4 0
|6 006_400000000000000_SCH
|7 0
|9 78571
|a BRACUL
|b BRACUL
|c GEN
|d 2025-12-01
|e Trim Education
|g 34000.00
|l 0
|o 006.4 SCH
|p 3010045160
|r 2025-12-01
|t 5
|v 68000.00
|w 2025-12-01
|y BK
|x Requisitioned by Annajiat Alim Rasel (Senior Lecturer, Department of Computer Science and Engineering) for the course named- 'Advanced Syntactic Pattern Recognition (CSE713)'.
|
| 952 |
|
|
|0 0
|1 0
|2 ddc
|4 0
|6 006_400000000000000_SCH
|7 0
|9 78572
|a BRACUL
|b BRACUL
|c GEN
|d 2025-12-01
|e Trim Education
|g 34000.00
|l 0
|o 006.4 SCH
|p 3010045161
|r 2025-12-01
|t 6
|v 68000.00
|w 2025-12-01
|y BK
|x Requisitioned by Annajiat Alim Rasel (Senior Lecturer, Department of Computer Science and Engineering) for the course named- 'Advanced Syntactic Pattern Recognition (CSE713)'.
|